=LDR 00000nam 2200000 4500 =001 INLIS000000000037606 =005 20130612143330 =008 ***********************************Ind** =035 ##$$0010-061300000037606 =041 ##$$a Ind =082 ##$$a 641.865 4 =090 ##$$a 641.865 4, Win s =100 ##$$a Winata, Mary =245 ##$$a Seri masakan cina vegetarian, Bakpao lezat tanpa daging, Marry Winata ; penyunting, Intarina Hardiman =260 ##$$a 2002 $b Jakarta =300 ##$$a 56 hlm, ilus, 20 cm =650 ##$$a Kue (Bakpao) =850 ##$$a NBPNMAT